Influence of environmental factors on aircraft wing performance : February 16-20, 1987 /

Bibliographic Details
Corporate Author: Von Karman Institute for Fluid Dynamics
Other Authors: Carbonaro, M.
Format: Book
Language:English
Published: Rhode Saint Genèse, Belgium : Von Karman Institute for Fluid Dynamics, [1987]
Series:Lecture series (Von Karman Institute for Fluid Dynamics) ; 1987-03.
Subjects:

MARC

Tag First Indicator Second Indicator Subfields
LEADER 00000cam a2200000Ma 4500
001 in00000008643
005 20230714094255.0
008 871022s1987 be a b 100 0 eng d
019 |a 16570766 
035 |a (OCoLC)ocm26691349  
035 |a (OCoLC)26691349  |z (OCoLC)16570766 
035 |a (OCoLC)ocm26691349  
040 |a NUI  |b eng  |c NUI  |d TXA  |d VPI  |d CLU  |d OCL  |d OCLCQ  |d OCLCF  |d OCLCQ  |d OCLCO  |d OCL  |d UAB  |d OCLCO 
050 4 |a TL574.A4  |b I53 1987 
055 3 |a TL 672  |b I43 1987 
245 0 0 |a Influence of environmental factors on aircraft wing performance :  |b February 16-20, 1987 /  |c lecture series director, M. Carbonaro. 
260 |a Rhode Saint Genèse, Belgium :  |b Von Karman Institute for Fluid Dynamics,  |c [1987] 
300 |a 1 volume (various pagings) :  |b illustrations ;  |c 29 cm. 
336 |a text  |b txt  |2 rdacontent 
337 |a unmediated  |b n  |2 rdamedia 
338 |a volume  |b nc  |2 rdacarrier 
490 1 |a Lecture series,  |x 0377-8312 ;  |v 1987-03 
500 |a "February 1987"--Page 2 of cover. 
504 |a Includes bibliographical references. 
650 0 |a Airplanes  |x Wings  |x Aerodynamics  |v Congresses. 
650 6 |a Avions  |x Ailes  |x Aérodynamique  |v Congrès. 
650 7 |a Airplanes  |x Wings  |x Aerodynamics.  |2 fast  |0 (OCoLC)fst00803546 
655 7 |a Conference papers and proceedings.  |2 fast  |0 (OCoLC)fst01423772 
700 1 |a Carbonaro, M. 
710 2 |a Von Karman Institute for Fluid Dynamics. 
830 0 |a Lecture series (Von Karman Institute for Fluid Dynamics) ;  |v 1987-03. 
948 |h HELD BY TXA - 18 OTHER HOLDINGS 
994 |a Z0  |b TXA 
999 f f |s 332be95e-45ba-37c8-b523-921d2b0cc76a  |i ae297880-5f8c-324f-ad62-9e98d9bca7df  |t 0 
952 f f |p ric  |a Texas A&M University  |b Rellis Campus  |c Joint Library Facility  |s JLF  |d Remote Storage  |t 0  |e TL574.A4 I53 1987  |h Library of Congress classification  |i unmediated -- volume  |m A14812617250